000 00886nam a2200241Ia 4500
003 OSt
005 20221002055336.0
006 a|||||r|||| 00| 0
007 ta
008 220930b |||||||| |||| 00| 0 hin d
020 _c225
024 _a97185
037 _b570, 23/03/2009, Vani Prakashan
_cReference Collections
040 _aCRL
_cCRL
_bhin
041 _2hin
_ahin
082 _aV2:51k, 152N7(RR)
100 _aपाण्डेय, कमला दत्त, संपा.
245 0 _aहिन्दू पंच
_b बलिदान अंक
260 _aदिल्ली
_b स्वर्ण जयंती
_c1997
300 _a301पृ0, ्
_ccm.
942 _hV2:51k, 152N7(RR)
_cref
_2CC
999 _c927385
_d927385